000 01272nam0a22003131 4500
001 rc\3585500
005 20250610075235.0
021 _aRU
_b[71-80613]
035 _a(NLR Aleph) 007806305
090 _a7699028
_c7699028
100 _a20130115d1971 |||y0rusy50 ca
101 0 _arus
102 _aRU
105 _aab z |||||
200 1 _aПутеводитель по Кабардино-Балкарии
210 _a[Нальчик
_cЭльбрус
_d1971]
215 _a115 с., 8 л. ил., 5 отд. л. карт.
_cил.
_d16
300 _aПеред загл. авт.: Г.Н. Подъяпольский, О.Л. Опрышко, С.М. Накова
300 _aНа обл. авт. не указаны
606 _aТуристские маршруты
_yКабардино-Балкарская АССР
_2psbo
607 _aКабардино-Балкарская АССР
_jПутеводители
_2psbo
700 1 _aПодъяпольский
_bГ.Н.
_gГеоргий Николаевич
701 1 _aОпрышко
_bО.Л.
_gОлег Леонидович
701 1 _aНакова
_bС.М.
_gСветлана Михайловна
801 0 _aRU
_bNLR
_gpsbo
801 1 _aRU
_bELAR
_2rusmarc
852 _aNLR
_j71-2/2350
942 _cBOOK
980 _aNB